000 nam a22 4500
999 _c325813
_d325813
003 BLK
005 20210916101508.0
008 181030b bu ||||| |||| 00| 0 bu d
020 _a978-954-535-981-1
040 _aBLK
041 _aBUL
_cBUL
080 _aПреселничество. Преселници. Политика на преселване
_b325.14
_z325.14(560-25)
100 _aЕлчинова, Магдалена Борисова
_eпърви автор
_91299
139 _aЕлчинова, Магдалена Борисова
_bЕ 56
245 _aНевидимата общност : православните българи в Истанбул
_cМагдалена Елчинова
260 _9209549
_bНов бълг. унив.
_c2017
_dНБУ
300 _a288 с.
_c20 см
380 _a3
650 0 _9249636
_aЕмигранти, български
651 7 _9178964
_aИстанбул
653 7 _9182649
_aбългарска общност
852 _bП
_cП 32/Е 56
942 _n0
_cKNG
_04
999 _d325813